A Study of Partial Replacements of Fine Aggregates and Cement in Self-Consolidating Cementitious Systems / (Record no. 533484)

000 -LEADER
fixed length control field 00584nam a22001577a 4500
020 ## - INTERNATIONAL STANDARD BOOK NUMBER
Qualifying information Hard Cover.
082 ## - DEWEY DECIMAL CLASSIFICATION NUMBER
Classification number 624.1
100 ## - MAIN ENTRY--PERSONAL NAME
Personal name Muhammad Naveed Aslam Metla.
245 ## - TITLE STATEMENT
Title A Study of Partial Replacements of Fine Aggregates and Cement in Self-Consolidating Cementitious Systems /
Statement of responsibility, etc. Muhammad Naveed Aslam Metla.
260 ## - PUBLICATION, DISTRIBUTION, ETC.
Place of publication, distribution, etc. Islamabad :
Name of publisher, distributor, etc. NICE - NUST,
Date of publication, distribution, etc. 2014.
300 ## - PHYSICAL DESCRIPTION
Extent xv, 86 p. : ill. ;
Dimensions 30cm.
942 ## - ADDED ENTRY ELEMENTS (KOHA)
Source of classification or shelving scheme
Koha item type Thesis
650 ## - SUBJECT ADDED ENTRY--TOPICAL TERM
Topical term or geographic name entry element MS Thesis Structural Engineering.
700 ## - ADDED ENTRY--PERSONAL NAME
Personal name Prof. Dr. Ali Rizwan.
650 ## - SUBJECT ADDED ENTRY--TOPICAL TERM
-- 27404
700 ## - ADDED ENTRY--PERSONAL NAME
-- 27405
Holdings
Withdrawn status Lost status Source of classification or shelving scheme Damaged status Not for loan Permanent Location Current Location Shelving location Date acquired Total Checkouts Full call number Barcode Date last seen Price effective from Koha item type
          Central Library (CL) Central Library (CL) Thesis 01/08/2020   624.1 CL-T-4587 01/08/2020 01/08/2020 Thesis
© 2023 Central Library, National University of Sciences and Technology. All Rights Reserved.